00279nam a2200109Ia 4500008004100000041000800041082002400049100002200073245002800095260003700123300000900160230411s9999 xx 000 0 und d aeng aPH/615.1/UDA/B07298 aUdaykumar Padmaja aPharmacology for Nurses bJaypee BrothersaNew Delhic2013 a440p